000 00325 a2200109 4500
001 ART_40144
005 20260410161753.0
008 260409a
245 1 0 _aTratamiento del IVA en operaciones transfronterizas
100 1 _aVolman, Mario
773 0 _tDoctrina tributaria
_g- NÂș 388 (jul. 2012)
_wREV4296
999 _c19884
_d19884